Taylor Swift Anti-Hero Lyrics Quiz - Statistics

General Stats
  • This quiz has been taken 88 times
  • The average score is 16 of 40
Answer Stats
Lyric Order Lyric % Correct
1 I have this thing where I get older but just never wiser
82%
12 It's me, hi, I'm the problem, it's me
78%
34 It's me, hi, I'm the problem, it's me
78%
35 It's me, hi, I'm the problem, it's me
78%
2 Midnights become my afternoons
76%
13 At tea time, everybody agrees
71%
27 At tea time, everybody agrees
71%
4 All of the people I've ghosted stand there in the room
60%
3 When my depression works the graveyard shift
59%
14 I'll stare directly at the sun but never in the mirror
56%
15 It must be exhausting, always rooting for the anti-hero
56%
29 It must be exhausting, always rooting for the anti-hero
56%
28 I'll stare directly at the sun but never in the mirror
56%
39 I'll stare directly at the sun but never in the mirror
56%
40 It must be exhausting, always rooting for the anti-hero
56%
5 I should not be left to my own devices
54%
8 I wake up screaming from dreaming
47%
22 I wake up screaming from dreaming
47%
6 They come with prices and vices
46%
10 'Cause you got tired of my scheming
40%
11 (For the last time)
40%
25 (For the last time)
40%
7 I end up in crisis (tale as old as time)
40%
9 One day I'll watch as you're leaving
38%
23 One day I'll watch as you're leaving
38%
16 Sometimes I feel like everybody is a sexy baby
29%
17 And I'm a monster on the hill
25%
24 And life will lose all its meaning
25%
19 Pierced through the heart, but never killed
24%
18 Too big to hang out, slowly lurching toward your favorite city
18%
33 "She's laughing up at us from hell"
18%
30 I have this dream my daughter in-law kills me for the money
16%
31 She thinks I left them in the will
16%
20 Did you hear my covert narcissism I disguise as altruism
13%
21 Like some kind of congressman? (Tale as old as time)
12%
32 The family gathers 'round and reads it and then someone screams out
12%
36 It's me, hi, everybody agrees, everybody agrees
9%
26 It's me, hi, I'm the problem, it's me (I'm the problem, it's me)
6%
38 At tea (tea) time (time), everybody agrees (everybody agrees)
3%
37 It's me, hi (hi), I'm the problem, it's me (I'm the problem, it's me)
3%
No matching quizzes found
Score Distribution
Percent of People with Each Score
Percentile by Number Answered
Your Score History
You have not taken this quiz